Declan Mckenna Songs - Statistics

General Stats
  • This quiz has been taken 181 times
    180 since last reset
  • The average score is 27 of 37
Answer Stats
Year Album Song % Correct
2017 What Do You Think About the Car? Brazil
99%
2016 Liar, EP Brazil
99%
2016 Stains, EP Brazil
99%
2019 British Bombs British Bombs
93%
2021 My House My House
87%
2017 What Do You Think About the Car? Paracetamol
84%
2016 Liar, EP Paracetamol
84%
2016 Stains, EP Paracetamol
84%
2020 Zeros The Key to Life on Earth
83%
2020 Zeros Stripped, EP The Key to Life on Earth (Acoustic)
83%
2017 What Do You Think About the Car? Humongous
78%
2017 What Do You Think About the Car? Why Do You Feel So Down
78%
2017 What Do You Think About the Car? Make Me Your Queen
77%
2020 Zeros Daniel, You're Still a Child
75%
2020 Zeros Stripped, EP Daniel, You're Still a Child (Acoustic)
75%
2017 What Do You Think About the Car? Isombard
75%
2020 Zeros Rapture
75%
2020 Zeros Stripped, EP Rapture (Acoustic)
75%
2020 Zeros Emily
74%
2017 What Do You Think About the Car? Listen to Your Friends
73%
2020 Zeros Be an Astronaut
72%
2020 Zeros Beautiful Faces
72%
2020 Zeros Stripped, EP Beautiful Faces (Acoustic)
72%
2017 What Do You Think About the Car? Mind
69%
2017 What Do You Think About the Car? The Kids Don't Wanna Come Home
68%
2017 What Do You Think About the Car? Bethlehem
67%
2016 Liar, EP Bethlehem
67%
2020 Zeros Eventually, Darling
65%
2020 Zeros Sagittarius A*
64%
2020 Zeros You Better Believe!!!
64%
2020 Zeros Twice Your Size
59%
2016 Stains, EP Basic
58%
2017 What Do You Think About the Car? I Am Everyone Else
53%
2016 Stains, EP Brew
50%
2020 Zeros Stripped, EP Hallucinate (BBC Live Version)
43%
2016 Liar, EP Howl
37%
2016 Stains, EP Howl
37%
No matching quizzes found
Score Distribution
Percent of People with Each Score
Percentile by Number Answered
Your Score History
You have not taken this quiz since the last reset